| 000 | 00984nam a22002297a 4500 | ||
|---|---|---|---|
| 999 |
_c19540 _d19540 |
||
| 003 | AR-CdUCM | ||
| 008 | 190517b ||||| |||| 00| 0 spa d | ||
| 040 |
_aMUNICIPALIDAD PROVINCIAL DEL CUSCO _cBIBLIOTECA MUNICIPAL DEL CUSCO |
||
| 082 |
_a658.3 / _bA41 |
||
| 100 |
_aAlmansa Pastor, Jose Manuel _940934 |
||
| 245 | _aLa participación del Trabajador en la administración publica / | ||
| 260 |
_aMadrid : _bTecnos, _c1965. |
||
| 300 |
_a399 paginas ; _c22 cm. |
||
| 440 |
_aBiblioteca tecnos de estudios jurídicos _940106 |
||
| 505 | _aContenido :Empresa y empresario -- Aspectos del empresario desde el punto de vista material -- El personal -- La participación del personal en el poder del empresario -- La participación del personal en las sociedades de capital... | ||
| 650 |
_aEmpresa _9826 |
||
| 650 |
_aAspecto sociológico _940935 |
||
| 650 |
_aEmpresario _940936 |
||
| 650 |
_aClases de responsabilidad _940937 |
||
| 942 |
_2ddc _cLIBROS |
||
| 945 |
_awnts _d2019-05-18 |
||